000 00566nam a22001817a 4500
005 20141008153626.0
008 141008b xxu||||| |||| 00| 0 eng d
020 _a9780273768517
050 _aHF 5415.2
_b.B937 2014
100 _aBurns, Alvin C.
245 _aMarketing research /
_cAlvin C. Burns, Ronald F. Bush.
250 _a6th ed.
260 _aUpper Saddle River, N.J. :
_bPrentice Hall,
_cc2014.
300 _a487 pages :
_bcolored illustrations ;
_c26 cm.
521 _aBusiness Administration
650 _aMarketing research.
942 _2lcc
_cBK
_kFOR
999 _c276046
_d276046